تعلیم و تربیت کے مسائل ;; Taʻlīm va tarbiyat ke masāʼil / (Record no. 84898)
[ view plain ]
| 000 -LEADER | |
|---|---|
| fixed length control field | 00762cam a2200217 a 4500 |
| 001 - CONTROL NUMBER | |
| control field | 84898 |
| 003 - CONTROL NUMBER IDENTIFIER | |
| rucl marc code | BD-RjUL |
| 005 - DATE AND TIME OF LATEST TRANSACTION | |
| control field | 20250506135816.0 |
| 008 - FIXED-LENGTH DATA ELEMENTS--GENERAL INFORMATION | |
| fixed length control field | 250506s1960 ir a b 000 0 per d |
| 035 ## - SYSTEM CONTROL NUMBER | |
| System control number | (BD-RjUL) 84898 |
| 040 ## - CATALOGING SOURCE | |
| Original cataloging agency | CGU |
| Transcribing agency | CGU |
| Modifying agency | OCLCQ |
| -- | DLC |
| Language of cataloging | eng |
| 041 ## - LANGUAGE CODE | |
| Language code of text/sound track or separate title | urd |
| 082 ## - DEWEY DECIMAL CLASSIFICATION NUMBER | |
| Edition number | 23 |
| Classification number | 370 |
| Author mark and year | KAR 1960 |
| 100 1# - MAIN ENTRY--PERSONAL NAME | |
| Personal name | Karo Paskāyā : (کرو پسکایا) |
| 9 (RLIN) | 15415 |
| 245 10 - TITLE STATEMENT | |
| Title | تعلیم و تربیت کے مسائل ;; Taʻlīm va tarbiyat ke masāʼil / |
| Statement of responsibility, etc. | Karo Paskāyā : (کرو پسکایا) |
| 260 ## - PUBLICATION, DISTRIBUTION, ETC. (IMPRINT) | |
| Place of publication, distribution, etc. | Mossco : |
| Name of publisher, distributor, etc. | بدیسی زبانوں کا اشاعت گھر ,Badesī zabānoṉ kā ʻIshāʻat Ghar , |
| Date of publication, distribution, etc. | 1960 |
| 300 ## - PHYSICAL DESCRIPTION | |
| Pagination | 301 p. : |
| Illustrations | ill. ; |
| Size | 22 cm. |
| 650 #0 - SUBJECT ADDED ENTRY--TOPICAL TERM | |
| Topical term or geographic name as entry element | Social Science |
| 9 (RLIN) | 11145 |
| Topical term or geographic name as entry element | Education |
| 942 ## - ADDED ENTRY ELEMENTS (KOHA) | |
| Source of classification or shelving scheme | Dewey Decimal Classification |
| Koha item type | Books |
| Lost status | Source of classification or shelving scheme | Damaged status | Not for loan | Collection code | Permanent Location | Current Location | Shelving location | Date acquired | Full call number | Date last seen | Copy number | Koha item type |
|---|---|---|---|---|---|---|---|---|---|---|---|---|
| Dewey Decimal Classification | Not For Loan | Non-fiction | Central Library, University of Rajshahi | Central Library, University of Rajshahi | Reading Room | 09/01/1980 | U 370 KAR 1966 | 06/05/2025 | C-1 | Books |